000 00656nam a2200229Ia 4500
003 OSt
005 20221005133328.0
006 a|||||r|||| 00| 0
007 ta
008 221004b |||||||| |||| 00| 0 eng d
024 _a52201
037 _cTextual
040 _aCRL
_cCRL
_beng
041 _2eng
_aeng
082 _aR3xM72:33, j9
100 _aRussell Bertrand
245 0 _aWisdom of the west
_b A historical survey of western philosophy on its social and political setting ed by Paul Foulkes
260 _c1959
650 _aPHILOSOPHY
942 _hR3xM72:33, j9
_cTEXL
_2cc
999 _c1066503
_d1066503